ნორმალური ფორმატი
MARC ფორმატი
ჩანაწერი Corporate Name
ჩანაწერთა რაოდენობა, რომელიც გამოყენებულია: 1
001 - CONTROL NUMBER
- control field: 7300
003 - CONTROL NUMBER IDENTIFIER
- control field: GE_BSU
005 - DATE AND TIME OF LATEST TRANSACTION
- control field: 20200220171133.0
008 - FIXED-LENGTH DATA ELEMENTS
- fixed length control field: 200220|| aca||aabn | a|a d
040 ## - CATALOGING SOURCE
- Original cataloging agency: GE_BSU
- Transcribing agency: GE_BSU
110 ## - HEADING--CORPORATE NAME
- Corporate name or jurisdiction name as entry element:
- Relator term: საქ. უზენაესი სასამართლო, ადამიანის უფლებათა ცენტრი თსუ-ს საერთაშორ. სამართლის კათედრა
670 ## - SOURCE DATA FOUND
- Source citation: Work cat.: (GE_BSU)50706: გოცირიძე, ევა. 203, მიზეზობრიობა ადამიანის უფლებათა ევროპულ სამართალში /
